[Event "Steyr Landesliga 1314"]
[Site "Austria"]
[Date "2014.04.12"]
[Round "11.8"]
[White "Kamensek, David Michael"]
[Black "Mitterhuber, Manuel"]
[Result "1/2-1/2"]
[WhiteElo "1587"]
[BlackElo "1572"]
[PlyCount "89"]
[EventDate "2013.09.28"]
[EventType "team-tourn"]
[EventRounds "11"]
[EventCountry "AUT"]
[SourceTitle "EXT 2015"]
[Source "ChessBase"]
[SourceDate "2014.11.20"]
[SourceVersion "1"]
[SourceVersionDate "2014.11.20"]
[SourceQuality "1"]
[WhiteTeam "Trofaiach Niklasdorf"]
[BlackTeam "Pinggau Friedberg"]
[WhiteTeamCountry "AUT"]
[BlackTeamCountry "AUT"]

1. e4 e5 2. Nf3 Qe7 3. Nc3 Nf6 4. Bc4 d6 5. d3 c6 6. h3 h6 7. 0-0 Nbd7 8. Nh2 Nb6 9. Bb3 g5 10. d4 Bg7 11. dxe5 dxe5 12. Be3 0-0 13. Qe2 Rd8 14. Bxb6 axb6 15. Na4 Qb4 16. Nc3 Qe7 17. Qe3 b5 18. Rfd1 Be6 19. Bxe6 Qxe6 20. Rxd8+ Rxd8 21. Qb6 Rd2 22. Rc1 Rd7 23. Nf3 Bf8 24. a3 Be7 25. Re1 Bd8 26. Qc5 Bc7 27. Qe3 Ne8 28. Nd2 f6 29. Nb3 b6 30. Qf3 Kg7 31. Ne2 Bd8 32. Ng3 Be7 33. Qh5 Bf8 34. Nf5+ Kh7 35. h4 Nd6 36. hxg5 fxg5 37. Nxd6 Rxd6 38. Qf3 Qf6 39. Qxf6 Rxf6 40. Nd2 Bc5 41. Re2 g4 42. g3 h5 43. Kg2 Kg6 44. f3 Kg5 45. fxg4 1/2-1/2

[Event "Steyr Landesliga 1314"]
[Site "Austria"]
[Date "2014.01.25"]
[Round "6.8"]
[White "Kamensek, David Michael"]
[Black "Schnider, Manuel"]
[Result "1/2-1/2"]
[WhiteElo "1587"]
[BlackElo "1634"]
[PlyCount "40"]
[EventDate "2013.09.28"]
[EventType "team-tourn"]
[EventRounds "11"]
[EventCountry "AUT"]
[SourceTitle "EXT 2015"]
[Source "ChessBase"]
[SourceDate "2014.11.20"]
[SourceVersion "1"]
[SourceVersionDate "2014.11.20"]
[SourceQuality "1"]
[WhiteTeam "Trofaiach Niklasdorf"]
[BlackTeam "Graz Styria"]
[WhiteTeamCountry "AUT"]
[BlackTeamCountry "AUT"]

1. e4 c5 2. Nf3 Nc6 3. Nc3 g6 4. d3 Bg7 5. Bd2 Nf6 6. g3 d5 7. exd5 Nxd5 8. Bg2 Bg4 9. h3 Be6 10. Na4 b6 11. Ng5 Qd7 12. 0-0 Rc8 13. Re1 Be5 14. Nxe6 Qxe6 15. Bf4 Qd6 16. Bxe5 Nxe5 17. Qe2 Nc6 18. Bxd5 Qxd5 19. Nc3 Qd7 20. Kh2 Nd4 1/2-1/2